000 00673cam a2200265 4500
008 090401t1991 xxu||||| |||| 00| 0 eng d
020 _a0959792414
035 _a(Sirsi) u21847
041 _aeng
050 _a333.770993
100 _aChristiansen, W.K.S.
245 _aMahoney`s urban land economics
250 _a3rd ed.
260 _aWellington
_bNew Zealand Institute of Valuers
_c1991
300 _avi,417p. ; 25cm.
350 _a45
650 _aLand use
_96251
650 _aNEW ZEALAND
650 _aPROPERTY DEVELOPMENT
650 _aPROPERTY MARKET
650 _aURBAN AREAS
650 _aValuation
_96273
942 _n0
948 _c04/03/1997
999 _c88076
_d88076